000 01574nam a2200313 c 4500
003 BLK
005 20201214124204.0
008 180408b bul|||||r ||||||| ||bul||
010 _aKNG00064043000
040 _aBLK
041 _aBUL
_cBUL
080 _aПодемни кранове. Претоварващи мостови кранове. Асансьори. Ескалатори. Екскаватори. Вж и 624.96
_b621.87
_x:69(035)
_z621.87:69(035)
100 1 _aЙорданов, Йордан Петков
_eпърви автор
_9369851
700 1 _aЛабаков, Георги Петров
_eсъавт.
_986911
700 1 _aНесторов, Никола Иванов
_eсъавт.
_9289401
700 1 _aПетков, Йордан
_eобща ред. на
_9289402
139 _aЙорданов, Йордан Петков и др.
_bИ 83
245 1 0 _aМонтажни кранове в строителството
_bТехн. характеристики и приложение : Наръчник
_cЙордан Петков Йорданов; съавт. Георги Петров Лабаков; съавт. Никола Иванов Несторов; обща ред. на Йордан Петков.
257 _aBGR
260 София
_bТехника
_c1981
300 _a308 с.
_bсъс сх., черт., табл.
_c22 см
380 _a62
650 4 _aКранове, подемни - в строителството
_9277361
852 _aЦб 111204
856 4 _qpdf
_u
856 4 _qpdf
_u
942 _cKNG
_n0
_01
944 _aCR
_c13.06.2004
_kЧиталня
944 _aED
_c19.08.2015
_k
999 _c59916
_d59916